[Event "GER M-454 D email"]
[Site "GER email"]
[Date "2010.10.13"]
[Round "?"]
[White "Kluehe, Peter"]
[Black "Rondio, Thomas"]
[Result "1-0"]
[WhiteElo "1869"]
[BlackElo "1970"]
[PlyCount "85"]
[EventDate "2010.10.09"]
[EventType "tourn (corr)"]
[EventRounds "1"]
[EventCountry "GER"]
[SourceTitle "Corr 2015"]
[Source "ChessBase"]
[SourceDate "2015.07.17"]
[SourceVersion "1"]
[SourceVersionDate "2015.07.17"]
[SourceQuality "1"]

1. d4 d5 2. f4 Nf6 3. Nf3 Bf5 4. e3 e6 5. Be2 c5 6. 0-0 Nc6 7. c3 Bd6 8. Nh4 Be4 9. Nd2 cxd4 10. exd4 Qc7 11. Nxe4 Nxe4 12. g3 Be7 13. Nf3 h5 14. Ne5 h4 15. g4 f6 16. Ng6 Rh7 17. f5 exf5 18. Qb3 0-0-0 19. Bf4 Qb6 20. Qxb6 axb6 21. gxf5 Bd6 22. Bxd6 Rxd6 23. Rae1 h3 24. Bd3 Rh5 25. Bxe4 dxe4 26. Rxe4 Rg5+ 27. Kh1 Rd5 28. Nh4 b5 29. a3 Rd7 30. Rf3 Re7 31. Rxe7 Nxe7 32. Rxh3 Rh5 33. Re3 Kd8 34. Re4 Nxf5 35. Nxf5 Rxf5 36. Rg4 Rf1+ 37. Rg1 Rxg1+ 38. Kxg1 Kd7 39. Kf2 Ke6 40. Ke3 g5 41. b3 Kd5 42. a4 bxa4 43. c4+ 1-0

[Event "GER M-454 D email"]
[Site "GER email"]
[Date "2010.10.13"]
[Round "?"]
[White "Lindenblatt, Ingo"]
[Black "Rondio, Thomas"]
[Result "1/2-1/2"]
[WhiteElo "2102"]
[BlackElo "1970"]
[PlyCount "37"]
[EventDate "2010.10.09"]
[EventType "tourn (corr)"]
[EventRounds "1"]
[EventCountry "GER"]
[SourceTitle "Corr 2015"]
[Source "ChessBase"]
[SourceDate "2015.07.17"]
[SourceVersion "1"]
[SourceVersionDate "2015.07.17"]
[SourceQuality "1"]

1. d4 d5 2. c4 c6 3. Nc3 Nf6 4. Nf3 e6 5. e3 Nbd7 6. Bd3 dxc4 7. Bxc4 b5 8. Bd3 a6 9. e4 c5 10. e5 cxd4 11. Ne4 Nd5 12. 0-0 h6 13. a4 b4 14. Bc4 Bb7 15. a5 Be7 16. Qxd4 0-0 17. Bd2 Qb8 18. Rfc1 Rd8 19. Bf1 1/2-1/2